Normal view
MARC view
- América Latina
Entry Nombre Geográfico
Number of records used in: 109
001 - NÚMERO DE CONTROL
- campo de control: 2747
003 - IDENTIFICADOR DE NUMERO DE CONTROL
- campo de control: UPN
005 - FECHA Y HORA DE LA ÜLTIMA TRANSACCIÓN
- campo de control: 20250904095110.0
008 - DATOS DE LONGITUD FIJA
- campo de control de longitud fija: 250904nabacnnnaabn b |nc |d
035 ## - NÚMERO DE CONTROL
- Número de control: UPN10000002747
040 ## - FUENTE DE CATALOGACIÓN
- Lenguaje de catalogación: spa
- Agencia de transcripción: MX-MxUPN
- Agencia de catalogación original: MX-MxUPN
053 #4 - NÚMERO DE CLASIFICACIÓN LC
- Elemento de número de clasificación-número único o número de inicio de tramo: HC121
- Número de clasificación número de final de tramo: HC130
151 ## - ENCABEZAMIENTO - NOMBRE GEOGRÁFICO
- Nombre geográfico: América Latina
- Subdivisión general : Condiciones económicas
670 ## - FUENTE EN LA QUE SE LOCALIZARON DATOS
- Cita de la fuente: LC
- Información localizada: Latin America - Economic conditions
902 ## - CATALOGADOR
- Catalogador: MEEG/041096
